| 000 | 00845nam a2200205 i 4500 | ||
|---|---|---|---|
| 001 | 124889 | ||
| 003 | ES-MaACL | ||
| 005 | 20230906192521.0 | ||
| 007 | t| | ||
| 008 | 070423s1934 sp ||||1| spa d | ||
| 100 | 1 |
_aWinter, Leo. _9117115 |
|
| 245 | 1 | 3 |
_aEl Seguro de Enfermedad en Checoslovaquia y su servicio médico / _cpor Leo, Winter. |
| 260 |
_aMadrid : _b[s.n.], _c1934 ( _fImprenta y Encuadernación de los Sobrinos de la Sucesora de M. Minuesa de los Ríos) |
||
| 300 |
_a13 p. ; _c21 cm. |
||
| 490 | 1 |
_aPublicaciones del Instituto Nacional de Previsión ; _v414 |
|
| 500 | _aConferencia pronunciada en la sala Maluquer, del Instituto Nacional de Previsión, el día 9 de octubre de 1933. | ||
| 830 | 0 |
_aPublicaciones del Instituto Nacional de Previsión ; _v414 _9181151 |
|
| 852 |
_aES-MaACL _jC-12658(4) |
||
| 999 |
_c124889 _d124889 |
||